|
|
|
|
| LEADER |
01581nam a2200349 a 4500 |
| 001 |
28929 |
| 003 |
BD-DhAAL |
| 005 |
20150301113327.0 |
| 008 |
150301s1991 nyuf j 000 0aeng |
| 010 |
|
|
|a 95014037
|
| 020 |
|
|
|a 0688137024 (pbk.)
|
| 020 |
|
|
|a 0671741624 (hard cover)
|
| 020 |
|
|
|a 0671741616 (lib. bdg.)
|
| 040 |
|
|
|a DLC
|c DLC
|d DLC
|d BD-DhAAL
|
| 050 |
1 |
0 |
|a PS3566.E2526
|b Z47 1995
|
| 082 |
0 |
0 |
|a 818.5409
|2 20
|
| 100 |
1 |
|
|a Peck, Richard,
|d 1934-
|9 8871
|
| 245 |
1 |
0 |
|a Anonymously yours /
|c Richard Peck.
|
| 250 |
|
|
|a 1st Beech Tree ed.
|
| 260 |
|
|
|a New York :
|b Beech Tree Books,
|c c1991.
|
| 300 |
|
|
|a xi, 122 p. [8] p. of plates :
|b ill. ;
|c 20 cm.
|
| 520 |
|
|
|a The popular author describes how he grew up in Decatur, Illinois, went into teaching, and eventually became a writer, incorporating his earlier experiences into novels intended to reach and change young readers.
|
| 541 |
|
|
|e 28929
|
| 600 |
1 |
0 |
|a Peck, Richard,
|d 1934-
|x Juvenile literature.
|9 8872
|
| 600 |
1 |
1 |
|a Peck, Richard,
|d 1934-
|9 8873
|
| 650 |
|
0 |
|a Novelists, American
|y 20th century
|x Biography
|x Juvenile literature.
|9 8874
|
| 650 |
|
0 |
|a Young adult fiction
|x Authorship
|x Juvenile literature.
|9 8875
|
| 650 |
|
1 |
|a Authors, American.
|9 6845
|
| 651 |
|
0 |
|a Decatur (Ill.)
|x Social life and customs
|x Juvenile literature.
|9 8876
|
| 942 |
|
|
|2 ddc
|c BK
|
| 999 |
|
|
|c 33829
|d 33829
|
| 952 |
|
|
|0 0
|1 0
|2 ddc
|4 0
|6 818_540900000000000_PEC
|7 0
|9 52817
|a BRACUL
|b BRACUL
|c GEN
|d 2015-03-01
|e BRAC Institute of Language (BIL)
|l 0
|o 818.5409 PEC
|p 3010028929
|r 2015-03-01
|t 1
|w 2015-03-01
|y BK
|x Transferred from BIL to BRACUL on 06/06/22
|